[Event "33. Torneo Internacional La Roda "]
[Site "La Roda ESP"]
[Date "2006.04.14"]
[Round "4.13"]
[White "Zambrana, Oswaldo"]
[Black "Gimeno Higueras, Roberto"]
[Result "1-0"]
[WhiteElo "2425"]
[BlackElo "2165"]
[PlyCount "61"]
[EventDate "2006.04.12"]
[EventType "swiss"]
[EventRounds "9"]
[EventCountry "ESP"]
[Source "lmi"]
[SourceDate "2006.04.15"]

1. e4 e5 2. Nf3 Nf6 3. Nxe5 d6 4. Nf3 Nxe4 5. d4 d5 6. Bd3 Bd6 7. O-O Bf5 8.
Nc3 O-O 9. Nxd5 Bxh2+ 10. Kxh2 Qxd5 11. c4 Qd6+ 12. Kg1 Re8 13. Re1 Qf6 14. Bg5
Qg6 15. Bf4 Qg4 16. Bxc7 Na6 17. Ba5 b6 18. Bc3 Rad8 19. Qa4 Nc7 20. Qxa7 Qf4
21. Bxe4 Bxe4 22. Ne5 f6 23. Qxc7 fxe5 24. Re3 Rf8 25. Rxe4 Qxe4 26. Qxe5 Qc2
27. Rf1 Rf6 28. d5 Rdf8 29. d6 Rg6 30. Qd5+ Kh8 31. d7 1-0

[Event "33. Torneo Internacional La Roda "]
[Site "La Roda ESP"]
[Date "2006.04.14"]
[Round "4.14"]
[White "Gomez Peco, Pablo"]
[Black "Campos, Luis Maria"]
[Result "0-1"]
[WhiteElo "2174"]
[BlackElo "2420"]
[PlyCount "74"]
[EventDate "2006.04.12"]
[EventType "swiss"]
[EventRounds "9"]
[EventCountry "ESP"]
[Source "lmi"]
[SourceDate "2006.04.15"]

1. d4 d5 2. c4 c6 3. cxd5 cxd5 4. Nf3 Nc6 5. Nc3 Nf6 6. Bf4 a6 7. a3 Bf5 8. e3
e6 9. h3 Be7 10. Be2 Nd7 11. Bh2 Rc8 12. O-O Na5 13. Rc1 O-O 14. b4 Nc4 15.
Bxc4 Rxc4 16. Nd2 Rc8 17. e4 dxe4 18. Ndxe4 Bxe4 19. Nxe4 Rxc1 20. Qxc1 Nf6 21.
Nxf6+ Bxf6 22. Be5 Bg5 23. Bf4 Be7 24. Qc4 Qd7 25. Rc1 Rd8 26. Qc7 f6 27. Qb6
Rc8 28. Rxc8+ Qxc8 29. a4 g5 30. Bd2 Kf7 31. b5 Qc2 32. Qxb7 axb5 33. Ba5 bxa4
34. Kh2 Qb3 35. Qd7 a3 36. Bd8 Qb8+ 37. Bc7 Qb7 0-1

[Event "33. Torneo Internacional La Roda "]
[Site "La Roda ESP"]
[Date "2006.04.14"]
[Round "4.15"]
[White "Baron Rodriguez, Jesus"]
[Black "Martin Blanco, Fernando"]
[Result "1-0"]
[WhiteElo "2402"]
[BlackElo "2154"]
[PlyCount "51"]
[EventDate "2006.04.12"]
[EventType "swiss"]
[EventRounds "9"]
[EventCountry "ESP"]
[Source "lmi"]
[SourceDate "2006.04.15"]

1. e4 e6 2. d4 d5 3. Nc3 Bb4 4. e5 c5 5. a3 Bxc3+ 6. bxc3 Qa5 7. Bd2 Qa4 8. Nf3
Nc6 9. dxc5 Nge7 10. Bd3 Ng6 11. Qe2 Qa5 12. O-O Qxc5 13. h4 Bd7 14. h5 Nge7
15. Rfb1 Na5 16. Rb4 Rc8 17. Rg4 g6 18. Rf4 h6 19. Nh2 g5 20. Rb4 Nf5 21. Ng4
b6 22. Rd1 Nc6 23. Nf6+ Kd8 24. Rb5 Qxa3 25. Bxf5 exf5 26. Rxd5 1-0

[Event "33. Torneo Internacional La Roda "]
[Site "La Roda ESP"]
[Date "2006.04.14"]
[Round "4.16"]
[White "Picazo Lopez, Juan Antonio"]
[Black "Lariño Nieto, David"]
[Result "0-1"]
[WhiteElo "2154"]
[BlackElo "2385"]
[PlyCount "68"]
[EventDate "2006.04.12"]
[EventType "swiss"]
[EventRounds "9"]
[EventCountry "ESP"]
[Source "lmi"]
[SourceDate "2006.04.15"]

1. d4 Nf6 2. c4 g6 3. Nc3 d5 4. cxd5 Nxd5 5. e4 Nxc3 6. bxc3 c5 7. Bb5+ Nd7 8.
Ne2 Bg7 9. O-O O-O 10. Be3 a6 11. Ba4 Nb6 12. Bb3 c4 13. Bc2 f5 14. f3 Qc7 15.
Rb1 fxe4 16. fxe4 Bg4 17. h3 Bd7 18. Rxf8+ Rxf8 19. Qd2 Nc8 20. Bf4 Qc6 21. d5
Qc5+ 22. Be3 Qc7 23. Bf4 Qc5+ 24. Be3 Qc7 25. Bf4 Nd6 26. e5 Nf5 27. e6 Qc5+
28. Kh1 Bc8 29. Be4 b5 30. Ng3 Rd8 31. Nxf5 gxf5 32. Bxf5 Rxd5 33. Be3 Rxd2 34.
Bxc5 Rd5 0-1

[Event "33. Torneo Internacional La Roda "]
[Site "La Roda ESP"]
[Date "2006.04.14"]
[Round "4.17"]
[White "Garcia Galeote, Lorenzo"]
[Black "Garcia Fernandez, Carlos"]
[Result "0-1"]
[WhiteElo "2141"]
[BlackElo "2359"]
[PlyCount "86"]
[EventDate "2006.04.12"]
[EventType "swiss"]
[EventRounds "9"]
[EventCountry "ESP"]
[Source "lmi"]
[SourceDate "2006.04.15"]

1. d4 Nf6 2. c4 c5 3. d5 b5 4. cxb5 a6 5. b6 e6 6. Nc3 Nxd5 7. Nxd5 exd5 8.
Qxd5 Nc6 9. Nf3 Rb8 10. Ne5 Qf6 11. Nxc6 dxc6 12. Qb3 Be6 13. Qc3 Be7 14. e4
Rxb6 15. Be2 Qxc3+ 16. bxc3 O-O 17. Ba3 Rd8 18. O-O Rd2 19. Rab1 Rxb1 20. Rxb1
f5 21. exf5 Bxa2 22. Rb2 Rxb2 23. Bxb2 a5 24. Bd1 Bc4 25. Bf3 Bb5 26. c4 Bxc4
27. Bxc6 Bf6 28. Ba3 Bd4 29. g4 Kf7 30. Kg2 Be2 31. Kg3 c4 32. g5 c3 33. Bd5+
Ke8 34. Bc6+ Kf7 35. Bd5+ Ke8 36. Bc6+ Kd8 37. Be4 Bd1 38. f6 gxf6 39. gxf6
Bxf6 40. Bxh7 Be7 41. Bc1 a4 42. Kf4 Bb3 43. Ke3 a3 0-1

[Event "33. Torneo Internacional La Roda "]
[Site "La Roda ESP"]
[Date "2006.04.14"]
[Round "4.18"]
[White "Antoli Royo, Joaquin Miguel"]
[Black "Robles Garcia, Claudia"]
[Result "1-0"]
[WhiteElo "2352"]
[BlackElo "2140"]
[PlyCount "93"]
[EventDate "2006.04.12"]
[EventType "swiss"]
[EventRounds "9"]
[EventCountry "ESP"]
[Source "lmi"]
[SourceDate "2006.04.15"]

1. e4 c5 2. Nf3 d6 3. d4 cxd4 4. Nxd4 Nf6 5. Nc3 a6 6. Qf3 g6 7. h3 Bg7 8. Be3
Nc6 9. Nb3 Bd7 10. g4 h6 11. O-O-O Rc8 12. Qg3 Nb4 13. Bd4 e5 14. Bxe5 dxe5 15.
Qxe5+ Qe7 16. Qxe7+ Kxe7 17. Bg2 Nxg4 18. hxg4 Bxg4 19. Nd5+ Nxd5 20. Rxd5 Be6
21. Rd3 Bc4 22. Rdd1 h5 23. e5 Bxb3 24. axb3 Rc7 25. f4 Bh6 26. Rdf1 f6 27. Kb1
fxe5 28. fxe5 Bg7 29. Be4 Bxe5 30. Bxg6 h4 31. Bf5 Kd6 32. Rfg1 Rf7 33. Rg6+
Kc7 34. Be6 Rf6 35. Rg7+ Kc6 36. Bh3 Bc7 37. Rd1 b5 38. b4 Kb6 39. Rdd7 Rc6 40.
Bg2 Rhh6 41. Bxc6 Rxc6 42. Rh7 Rc4 43. b3 Rc3 44. Rxh4 a5 45. Rh6+ Rc6 46.
bxa5+ Kb7 47. a6+ 1-0

[Event "33. Torneo Internacional La Roda "]
[Site "La Roda ESP"]
[Date "2006.04.14"]
[Round "4.19"]
[White "Bueno Martin, Pablo"]
[Black "Aloma Vidal, Roberto"]
[Result "0-1"]
[WhiteElo "2152"]
[BlackElo "2352"]
[PlyCount "78"]
[EventDate "2006.04.12"]
[EventType "swiss"]
[EventRounds "9"]
[EventCountry "ESP"]
[Source "lmi"]
[SourceDate "2006.04.15"]

1. e4 c5 2. c3 d5 3. exd5 Qxd5 4. d4 Nf6 5. Nf3 e6 6. Bd3 cxd4 7. cxd4 Nc6 8.
Nc3 Qd6 9. O-O Be7 10. a3 O-O 11. Bc2 Rd8 12. Nb5 Qb8 13. Ne5 Nxd4 14. Nxf7
Kxf7 15. Nxd4 e5 16. Bb3+ Kf8 17. Ba2 Rxd4 18. Qb3 Rd5 19. Bg5 Be6 20. Bxf6
Bxf6 21. Qb4+ Be7 22. Qe4 Rd4 23. Qxh7 Rh4 24. Qg6 Bxa2 25. Rxa2 Qe8 26. Qg3
Qf7 27. b3 Rd8 28. Re2 e4 29. f3 Kg8 30. Rfe1 Qxb3 31. Qc7 Qxa3 32. g3 Qc5+ 33.
Qxc5 Bxc5+ 34. Kh1 exf3 35. Re8+ Rxe8 36. Rxe8+ Kf7 37. Re5 Rc4 38. Rf5+ Kg6
39. Rxf3 b5 0-1

[Event "33. Torneo Internacional La Roda "]
[Site "La Roda ESP"]
[Date "2006.04.14"]
[Round "4.20"]
[White "Camarena Gimenez, Rufino"]
[Black "Aymerich Rosell, Pablo"]
[Result "1/2-1/2"]
[WhiteElo "2342"]
[BlackElo "2137"]
[PlyCount "56"]
[EventDate "2006.04.12"]
[EventType "swiss"]
[EventRounds "9"]
[EventCountry "ESP"]
[Source "lmi"]
[SourceDate "2006.04.15"]

1. Nf3 Nf6 2. c4 g6 3. Nc3 Bg7 4. g3 O-O 5. Bg2 d6 6. O-O Nbd7 7. d3 e5 8. Bd2
c6 9. b4 d5 10. cxd5 cxd5 11. Rc1 a6 12. Bg5 Qb6 13. d4 exd4 14. Bxf6 dxc3 15.
Bxg7 Kxg7 16. Qd4+ Qxd4 17. Nxd4 a5 18. b5 Nc5 19. Rxc3 Ne6 20. Rd1 Rd8 21. f4
a4 22. Kf2 Ra5 23. b6 Ra6 24. Nxe6+ Bxe6 25. Rb1 Rd6 26. Rc7 Raxb6 27. Rxb7
Rxb1 28. Rxb1 d4 1/2-1/2

[Event "33. Torneo Internacional La Roda "]
[Site "La Roda ESP"]
[Date "2006.04.14"]
[Round "5.2"]
[White "Krivoshey, Sergei"]
[Black "Castellanos, Renier"]
[Result "0-1"]
[WhiteElo "2531"]
[BlackElo "2467"]
[PlyCount "56"]
[EventDate "2006.04.12"]
[EventType "swiss"]
[EventRounds "9"]
[EventCountry "ESP"]
[Source "lmi"]
[SourceDate "2006.04.15"]

1. d4 Nf6 2. Nf3 e6 3. c4 c5 4. d5 d6 5. Nc3 exd5 6. cxd5 g6 7. e4 a6 8. Qe2
Be7 9. Bh6 Ng4 10. Bf4 O-O 11. h3 Nf6 12. O-O-O Re8 13. e5 dxe5 14. Qxe5 Nbd7
15. Qc7 Qxc7 16. Bxc7 b5 17. Ne5 Bf8 18. Nxd7 Bxd7 19. g4 b4 20. Nb1 Ne4 21.
Rh2 Bd6 22. Bxd6 Nxd6 23. Nd2 Bb5 24. f4 Re3 25. b3 Rae8 26. Kb2 Rc3 27. Bxb5
axb5 28. Nb1 Rf3 0-1

[Event "33. Torneo Internacional La Roda "]
[Site "La Roda ESP"]
[Date "2006.04.14"]
[Round "5.3"]
[White "Lazarev, Vladimir"]
[Black "Bertona, Fernando"]
[Result "1/2-1/2"]
[WhiteElo "2497"]
[BlackElo "2432"]
[PlyCount "65"]
[EventDate "2006.04.12"]
[EventType "swiss"]
[EventRounds "9"]
[EventCountry "ESP"]
[Source "lmi"]
[SourceDate "2006.04.15"]

1. d4 Nf6 2. c4 e6 3. Nc3 d5 4. cxd5 exd5 5. Bg5 Be7 6. e3 c6 7. Qc2 Nbd7 8.
Bd3 g6 9. Nge2 Nh5 10. Bxe7 Qxe7 11. g4 Ng7 12. h3 Nb6 13. O-O-O Be6 14. Kb1
O-O-O 15. Nf4 Kb8 16. Nxe6 Qxe6 17. Rde1 Rhe8 18. f3 Qf6 19. Qf2 h5 20. f4 hxg4
21. hxg4 Rh8 22. f5 gxf5 23. gxf5 Ka8 24. Reg1 Rxh1 25. Rxh1 Ne8 26. Qf4 Qe7
27. Rh8 Nf6 28. Qh4 a6 29. Rxd8+ Qxd8 30. Kc2 Ka7 31. a3 Qd6 32. Ne2 Qe7 33.
Nc3 1/2-1/2

[Event "33. Torneo Internacional La Roda "]
[Site "La Roda ESP"]
[Date "2006.04.14"]
[Round "5.4"]
[White "Velicka, Petr"]
[Black "Vitor, Antonio"]
[Result "1-0"]
[WhiteElo "2456"]
[BlackElo "2371"]
[PlyCount "67"]
[EventDate "2006.04.12"]
[EventType "swiss"]
[EventRounds "9"]
[EventCountry "ESP"]
[Source "lmi"]
[SourceDate "2006.04.15"]

1. e4 g6 2. d4 Bg7 3. c3 d6 4. f4 b6 5. Nf3 e6 6. Bd3 c5 7. O-O Bb7 8. Qe2 cxd4
9. cxd4 Nc6 10. d5 Nd4 11. Nxd4 Bxd4+ 12. Kh1 h5 13. Nd2 Bg7 14. Nf3 h4 15. Be3
Nf6 16. Rac1 h3 17. g3 Nd7 18. Bd4 Bxd4 19. Nxd4 Nc5 20. b4 Nxd3 21. Qxd3 Qd7
22. Nc6 Bxc6 23. Rxc6 b5 24. Qc3 O-O 25. f5 Rac8 26. g4 Rxc6 27. dxc6 Qc7 28.
Rf3 f6 29. Rxh3 Kg7 30. g5 d5 31. gxf6+ Rxf6 32. exd5 Kg8 33. Qg3 Qc8 34. Qh4
1-0

[Event "33. Torneo Internacional La Roda "]
[Site "La Roda ESP"]
[Date "2006.04.14"]
[Round "5.5"]
[White "Aloma Vidal, Roberto"]
[Black "Franco, Zenon"]
[Result "1/2-1/2"]
[WhiteElo "2352"]
[BlackElo "2530"]
[PlyCount "53"]
[EventDate "2006.04.12"]
[EventType "swiss"]
[EventRounds "9"]
[EventCountry "ESP"]
[Source "lmi"]
[SourceDate "2006.04.15"]

1. d4 Nf6 2. c4 e6 3. Nc3 Bb4 4. Nf3 c5 5. a3 Bxc3+ 6. bxc3 Nc6 7. Qc2 d6 8. g3
e5 9. Bg2 O-O 10. O-O Re8 11. Bg5 h6 12. Bxf6 Qxf6 13. dxc5 dxc5 14. Nd2 Bf5
15. Be4 Bxe4 16. Qxe4 Na5 17. Rfb1 Qe6 18. Nb3 Qxc4 19. Qxc4 Nxc4 20. Nxc5 b6
21. Rb4 Nd2 22. Nb3 Rad8 23. a4 Re6 24. a5 Rc6 25. axb6 axb6 26. Nxd2 Rxd2 27.
Kf1 1/2-1/2

[Event "33. Torneo Internacional La Roda "]
[Site "La Roda ESP"]
[Date "2006.04.14"]
[Round "5.6"]
[White "Suba, Mihai"]
[Black "Antoli Royo, Joaquin Miguel"]
[Result "1-0"]
[WhiteElo "2527"]
[BlackElo "2352"]
[PlyCount "57"]
[EventDate "2006.04.12"]
[EventType "swiss"]
[EventRounds "9"]
[EventCountry "ESP"]
[Source "lmi"]
[SourceDate "2006.04.15"]

1. Nf3 Nf6 2. c4 g6 3. g3 Bg7 4. Bg2 d5 5. O-O dxc4 6. Qa4+ Nfd7 7. Qxc4 O-O 8.
d3 Nb6 9. Qc2 Nc6 10. Bd2 Bg4 11. Bc3 e5 12. h3 Be6 13. Nbd2 f5 14. Rac1 h6 15.
b3 Nd5 16. Bb2 f4 17. g4 h5 18. gxh5 g5 19. Kh2 g4 20. hxg4 Bxg4 21. h6 Bxh6
22. Rg1 Bg7 23. Bh1 Qd7 24. Qc4 Rf6 25. Rxg4 b5 26. Nxe5 Rh6+ 27. Kg1 Rxh1+ 28.
Kxh1 Nxe5 29. Bxe5 1-0

[Event "33. Torneo Internacional La Roda "]
[Site "La Roda ESP"]
[Date "2006.04.14"]
[Round "5.7"]
[White "Torres Sanchez, Jose"]
[Black "Bellon Lopez, Juan Manuel"]
[Result "1-0"]
[WhiteElo "2295"]
[BlackElo "2440"]
[PlyCount "99"]
[EventDate "2006.04.12"]
[EventType "swiss"]
[EventRounds "9"]
[EventCountry "ESP"]
[Source "lmi"]
[SourceDate "2006.04.15"]

1. Nf3 c5 2. c4 Nc6 3. g3 g6 4. Bg2 Bg7 5. O-O d6 6. Nc3 Nh6 7. d3 Nf5 8. a3 e6
9. Rb1 O-O 10. Bg5 Qd7 11. Ne4 f6 12. Bc1 a5 13. g4 Nfe7 14. g5 f5 15. Nf6+
Bxf6 16. gxf6 Rxf6 17. d4 e5 18. Bg5 Rf8 19. dxe5 dxe5 20. Nxe5 Nxe5 21. Qxd7
Nxd7 22. Bxe7 Re8 23. Bg5 Ne5 24. b3 Ra7 25. Rfd1 Nf7 26. Be3 b6 27. Bc6 Ree7
28. b4 axb4 29. axb4 Rac7 30. Bd5 Red7 31. bxc5 bxc5 32. Bf4 Kf8 33. Rb8 Ke7
34. Bxc7 Rxc7 35. e3 g5 36. Rb6 g4 37. Kg2 Ng5 38. Kg3 Kf8 39. Rc6 Rxc6 40.
Bxc6 Ke7 41. Bd5 Kf6 42. Rb1 Be6 43. Rb6 Ke5 44. Bxe6 Nxe6 45. Rc6 h6 46. Kh4
Ng5 47. Rxc5+ Ke4 48. Kg3 h5 49. Rc8 Nf3 50. Rh8 1-0

[Event "33. Torneo Internacional La Roda "]
[Site "La Roda ESP"]
[Date "2006.04.14"]
[Round "5.8"]
[White "Saldaño, Horacio"]
[Black "Romon Poves, Raul"]
[Result "1/2-1/2"]
[WhiteElo "2440"]
[BlackElo "2226"]
[PlyCount "168"]
[EventDate "2006.04.12"]
[EventType "swiss"]
[EventRounds "9"]
[EventCountry "ESP"]
[Source "lmi"]
[SourceDate "2006.04.15"]

1. Nf3 Nf6 2. d4 g6 3. Nc3 d5 4. Bf4 Bg7 5. e3 O-O 6. Be2 c5 7. O-O cxd4 8.
exd4 Nc6 9. Ne5 Qb6 10. Nxc6 bxc6 11. Na4 Qa5 12. c3 Nd7 13. b4 Qd8 14. Qd2 a5
15. a3 Re8 16. Rfe1 axb4 17. axb4 e5 18. dxe5 Bxe5 19. Bxe5 Rxe5 20. Nb2 Bb7
21. Nd3 Re8 22. Bf1 Rxe1 23. Rxe1 Ba6 24. h3 Bc4 25. Qf4 Qf6 26. Qxf6 Nxf6 27.
Nc5 Ra3 28. Rc1 h5 29. g3 Kf8 30. Bg2 Ke7 31. Re1+ Kf8 32. Rc1 Ke7 33. Nb7 Bd3
34. Re1+ Kf8 35. Rc1 Be4 36. f3 Bd3 37. Nc5 Bc4 38. h4 Ra7 39. Re1 Ra3 40. Rc1
Ra7 41. Rc2 Ra2 42. Rxa2 Bxa2 43. Kf2 Ne8 44. Nd7+ Kg7 45. Ne5 Nd6 46. Bf1 Bc4
47. Bxc4 dxc4 48. Nxc6 Nb5 49. Na5 Nxc3 50. Nxc4 Kf6 51. f4 Kf5 52. Kf3 f6 53.
Nd6+ Ke6 54. Ne4 Nd5 55. b5 f5 56. Nd2 Kd6 57. Nc4+ Kc5 58. b6 Nxb6 59. Ne5 Kd5
60. Nxg6 Nc4 61. Ne7+ Ke6 62. Nc6 Kd5 63. Nb4+ Kc5 64. Nc2 Nd2+ 65. Ke2 Ne4 66.
Ne3 Nxg3+ 67. Kf3 Kd4 68. Nc2+ Kc3 69. Na3 Kd4 70. Nc2+ Kc3 71. Na3 Ne4 72.
Nb5+ Kd3 73. Nc7 Nd2+ 74. Kg3 Ke4 75. Ne6 Nf1+ 76. Kf2 Ne3 77. Kg3 Nf1+ 78. Kf2
Ne3 79. Kg3 Nf1+ 80. Kg2 Ne3+ 81. Kf2 Nd5 82. Kg3 Ke3 83. Ng7 Nxf4 84. Nxf5+
Ke4 1/2-1/2

[Event "33. Torneo Internacional La Roda "]
[Site "La Roda ESP"]
[Date "2006.04.14"]
[Round "5.9"]
[White "Hernandez, Ivan"]
[Black "Minzer, Claudio Javier"]
[Result "1/2-1/2"]
[WhiteElo "2291"]
[BlackElo "2432"]
[PlyCount "161"]
[EventDate "2006.04.12"]
[EventType "swiss"]
[EventRounds "9"]
[EventCountry "ESP"]
[Source "lmi"]
[SourceDate "2006.04.15"]

1. d4 Nf6 2. c4 e6 3. Nf3 Bb4+ 4. Nbd2 b6 5. a3 Bxd2+ 6. Qxd2 Bb7 7. e3 O-O 8.
Be2 d6 9. O-O Nbd7 10. b4 Ne4 11. Qc2 f5 12. Bb2 Rf6 13. d5 Rg6 14. dxe6 Nf8
15. c5 bxc5 16. bxc5 Nxc5 17. Qxf5 Nfxe6 18. h4 Qe7 19. h5 Be4 20. Qh3 Ng5 21.
Nxg5 Rxg5 22. Bg4 Rf8 23. f4 Rd5 24. Bd4 Bf5 25. Bxf5 Rdxf5 26. g4 Rd5 27. h6
gxh6 28. f5 Nb3 29. f6 Qf7 30. Rae1 Rg5 31. Bb2 h5 32. Rf5 Qg6 33. Rxg5 Qxg5
34. Qxh5 Qxh5 35. gxh5 Kf7 36. Kf2 Nc5 37. Kf3 Nd3 38. Re2 Ke6 39. Ke4 Nxb2 40.
Rxb2 c5 41. Rb7 d5+ 42. Kd3 Rf7 43. Rb8 Rxf6 44. Rc8 Kd6 45. Rd8+ Kc6 46. Rc8+
Kd6 47. Rd8+ Ke5 48. Rc8 Ra6 49. Rxc5 Rxa3+ 50. Kd2 Ra2+ 51. Kd3 Ra3+ 52. Kd2
Ra2+ 53. Kd3 Rh2 54. Rc7 Rxh5 55. Rxa7 Rh1 56. Re7+ Kd6 57. Ra7 h5 58. Rh7 Ke5
59. Rh8 Kf5 60. Ke2 Rh2+ 61. Kf3 Rh3+ 62. Ke2 h4 63. Rf8+ Ke6 64. Re8+ Kd7 65.
Rh8 Ke7 66. Rh6 Rh1 67. Kf3 Rf1+ 68. Ke2 Rh1 69. Kf3 h3 70. Kg3 Rg1+ 71. Kf2
Rg2+ 72. Kf3 Rh2 73. Kg3 Re2 74. Kf3 Rh2 75. Kg3 Rh1 76. Rxh3 Rf1 77. Rh6 Rf7
78. Ra6 Rf5 79. Kg4 Rf8 80. Rb6 Kd7 81. Ra6 1/2-1/2

[Event "33. Torneo Internacional La Roda "]
[Site "La Roda ESP"]
[Date "2006.04.14"]
[Round "5.10"]
[White "Valmaña Canto, Jaime"]
[Black "Zambrana, Oswaldo"]
[Result "1/2-1/2"]
[WhiteElo "2287"]
[BlackElo "2425"]
[PlyCount "90"]
[EventDate "2006.04.12"]
[EventType "swiss"]
[EventRounds "9"]
[EventCountry "ESP"]
[Source "lmi"]
[SourceDate "2006.04.15"]

1. e4 c5 2. Nf3 Nc6 3. d4 cxd4 4. Nxd4 Nf6 5. Nc3 e5 6. Ndb5 d6 7. Bg5 a6 8.
Na3 b5 9. Bxf6 gxf6 10. Nd5 f5 11. c3 Bg7 12. Bd3 Be6 13. Qh5 O-O 14. O-O f4
15. Rfd1 Rb8 16. Nc2 Qd7 17. h3 a5 18. Na3 Na7 19. Bc2 Kh8 20. Rd2 h6 21. Rad1
Qd8 22. Kh2 Rb7 23. g3 Qg5 24. Qxg5 hxg5 25. g4 Rc8 26. Bb3 Bf8 27. Kg2 Kg7 28.
Rh1 Nc6 29. c4 a4 30. Bd1 bxc4 31. Nxc4 Nd4 32. Ncb6 Bxd5 33. Nxd5 Rcb8 34. b4
axb3 35. axb3 Be7 36. b4 Bd8 37. Rb2 Bb6 38. Be2 Ra8 39. Rc1 Ra3 40. Rc3 Rxc3
41. Nxc3 f3+ 42. Bxf3 Nxf3 43. Kxf3 Bd4 44. Rb3 Bxc3 45. Rxc3 Rxb4 1/2-1/2

[Event "33. Torneo Internacional La Roda "]
[Site "La Roda ESP"]
[Date "2006.04.14"]
[Round "5.12"]
[White "Huerga Leache, Mikel"]
[Black "Marholev, Dimitar"]
[Result "1/2-1/2"]
[WhiteElo "2266"]
[BlackElo "2419"]
[PlyCount "65"]
[EventDate "2006.04.12"]
[EventType "swiss"]
[EventRounds "9"]
[EventCountry "ESP"]
[Source "lmi"]
[SourceDate "2006.04.15"]

1. e4 e5 2. Nf3 Nc6 3. Bb5 g6 4. d4 exd4 5. Bg5 Be7 6. Bxe7 Qxe7 7. Bxc6 dxc6
8. Qxd4 Nf6 9. Nc3 Bg4 10. Nd2 c5 11. Qe3 O-O-O 12. f3 Be6 13. O-O-O Nd7 14.
Nb3 b6 15. Qe2 Nb8 16. g3 Rhe8 17. Rxd8+ Qxd8 18. Rd1 Qg5+ 19. f4 Qg4 20. Qxg4
Bxg4 21. Rd2 f6 22. Rf2 Nc6 23. Nd5 Rf8 24. f5 g5 25. h4 gxh4 26. gxh4 Ne5 27.
Nd2 h5 28. Ne3 b5 29. Nb3 c4 30. Nd4 c6 31. Ne6 Rh8 32. Nf4 Rh6 33. Nxg4
1/2-1/2

[Event "33. Torneo Internacional La Roda "]
[Site "La Roda ESP"]
[Date "2006.04.14"]
[Round "5.13"]
[White "Mateo, Ramon"]
[Black "Sanchez Botella, Luis Javier"]
[Result "1-0"]
[WhiteElo "2403"]
[BlackElo "2185"]
[PlyCount "105"]
[EventDate "2006.04.12"]
[EventType "swiss"]
[EventRounds "9"]
[EventCountry "ESP"]
[Source "lmi"]
[SourceDate "2006.04.15"]

1. d4 Nf6 2. Nf3 e6 3. Bg5 c5 4. e3 b6 5. Bd3 Be7 6. O-O Bb7 7. Nbd2 O-O 8. c3
d6 9. Qe2 Nbd7 10. a4 a6 11. Bh4 e5 12. dxe5 dxe5 13. Bxf6 Bxf6 14. Rfd1 Qc7
15. Be4 Be7 16. Qc4 Rad8 17. h4 h6 18. b4 Kh8 19. Bxb7 Qxb7 20. b5 a5 21. Qe4
Qxe4 22. Nxe4 c4 23. g4 Nf6 24. Nxf6 Bxf6 25. e4 g6 26. g5 hxg5 27. hxg5 Bg7
28. Kf1 Rd3 29. Rxd3 cxd3 30. Rd1 Rc8 31. Rxd3 Rc4 32. Nd2 Rxa4 33. Rd6 Ra1+
34. Ke2 a4 35. Rxb6 a3 36. Ra6 a2 37. Kd3 Rb1 38. Rxa2 Rxb5 39. Nc4 Rb1 40.
Ra8+ Kh7 41. Nd2 Rg1 42. c4 Rc1 43. Rc8 f6 44. c5 fxg5 45. c6 g4 46. Nc4 Rd1+
47. Kc3 Rc1+ 48. Kb4 Rf1 49. c7 Rxf2 50. Rd8 Bf8+ 51. Kb5 g3 52. c8=Q g2 53.
Qh3+ 1-0

[Event "33. Torneo Internacional La Roda "]
[Site "La Roda ESP"]
[Date "2006.04.14"]
[Round "5.14"]
[White "Fernandez Barrera, Victor"]
[Black "Baron Rodriguez, Jesus"]
[Result "1/2-1/2"]
[WhiteElo "2176"]
[BlackElo "2402"]
[PlyCount "85"]
[EventDate "2006.04.12"]
[EventType "swiss"]
[EventRounds "9"]
[EventCountry "ESP"]
[Source "lmi"]
[SourceDate "2006.04.15"]

1. e4 e5 2. Nf3 Nc6 3. Bb5 a6 4. Bxc6 dxc6 5. O-O f6 6. d4 exd4 7. Nxd4 c5 8.
Nb3 Qxd1 9. Rxd1 Bg4 10. f3 Be6 11. Be3 c4 12. Nd4 O-O-O 13. Nc3 Bf7 14. Kf2 h5
15. Nde2 Rxd1 16. Rxd1 Ne7 17. Nf4 Ng6 18. Nxg6 Bxg6 19. Nd5 b5 20. Bf4 Bf7 21.
h4 Bc5+ 22. Be3 Bd6 23. c3 Rd8 24. Rd2 a5 25. a3 f5 26. e5 Bf8 27. Nf4 Re8 28.
e6 Bxe6 29. Nxe6 Rxe6 30. Rd5 Be7 31. g3 c6 32. Rxf5 g6 33. Rf7 Kd8 34. Rh7 Ke8
35. Rh8+ Kd7 36. Ra8 a4 37. Ra7+ Ke8 38. Rb7 Kd8 39. Bg5 Bxg5 40. hxg5 Rd6 41.
Ke2 Re6+ 42. Kf2 Rd6 43. Ke2 1/2-1/2

[Event "33. Torneo Internacional La Roda "]
[Site "La Roda ESP"]
[Date "2006.04.14"]
[Round "5.15"]
[White "Pomes Marcet, Juan"]
[Black "Jimenez Martinez, Jose Vicente"]
[Result "1/2-1/2"]
[WhiteElo "2396"]
[BlackElo "2178"]
[PlyCount "78"]
[EventDate "2006.04.12"]
[EventType "swiss"]
[EventRounds "9"]
[EventCountry "ESP"]
[Source "lmi"]
[SourceDate "2006.04.15"]

1. d4 g6 2. c4 Bg7 3. Nf3 d6 4. g3 Nf6 5. Bg2 O-O 6. O-O Nbd7 7. Nc3 e5 8. e4
c6 9. h3 a6 10. Be3 Rb8 11. dxe5 dxe5 12. c5 Qa5 13. a3 Re8 14. Nd2 Nf8 15. Nc4
Qc7 16. Nd6 Rd8 17. Qc2 Ne8 18. Nxc8 Rbxc8 19. b4 Ne6 20. Qa2 Qe7 21. Na4 N8c7
22. Nb6 Rb8 23. h4 h6 24. Bh3 Nd4 25. Qc4 Nce6 26. Rad1 Qf6 27. Bxe6 Qxe6 28.
Bxd4 exd4 29. Qxe6 fxe6 30. f4 e5 31. fxe5 Bxe5 32. Rf3 Bg7 33. Nc4 Rd7 34.
Rfd3 Re7 35. Re1 Rbe8 36. Nd6 Rf8 37. Nc4 Rfe8 38. Nd6 Rf8 39. Nc4 Rfe8 1/2-1/2

[Event "33. Torneo Internacional La Roda "]
[Site "La Roda ESP"]
[Date "2006.04.14"]
[Round "5.16"]
[White "Lariño Nieto, David"]
[Black "Larios, Manuel"]
[Result "0-1"]
[WhiteElo "2385"]
[BlackElo "2137"]
[PlyCount "128"]
[EventDate "2006.04.12"]
[EventType "swiss"]
[EventRounds "9"]
[EventCountry "ESP"]
[Source "lmi"]
[SourceDate "2006.04.15"]

1. e4 c5 2. d3 Nc6 3. g3 g6 4. Bg2 Bg7 5. Nc3 e6 6. Be3 Nd4 7. Nce2 Ne7 8. c3
Nxe2 9. Nxe2 b6 10. Qd2 Bb7 11. Bh6 Nf5 12. exf5 Bxh6 13. Qxh6 Bxg2 14. Rg1 Bf3
15. Nf4 Qf6 16. g4 Qe5+ 17. Kd2 g5 18. Nh3 Qe2+ 19. Kc1 O-O-O 20. Nxg5 exf5 21.
gxf5 Qxf2 22. Nxf3 Qxf3 23. Kc2 Rhg8 24. Qd2 Rxg1 25. Rxg1 Re8 26. Rg3 Qxf5 27.
Qg2 Kc7 28. Rf3 Qe6 29. Qg3+ Kc8 30. a3 Re7 31. Qg8+ Kb7 32. Rf2 a5 33. Qg2+
Ka7 34. Qg3 d6 35. Rf4 Qe2+ 36. Kb3 Qd1+ 37. Ka2 a4 38. Qf2 Re2 39. Rxa4+ Kb8
40. Qf4 Qxd3 41. Qh6 Qd5+ 42. c4 Qc6 43. Kb3 b5 44. Ra5 bxc4+ 45. Ka2 c3 46.
Qf8+ Re8 47. Qxf7 cxb2 48. Qb3+ Kc8 49. Qh3+ Kd8 50. Qd3 c4 51. Qxh7 c3 52.
Qh4+ Kc7 53. Qh7+ Kc8 54. Qh3+ Kb8 55. Qd3 Re5 56. Rxe5 dxe5 57. Qd8+ Kb7 58.
Qe7+ Ka6 59. Qf7 b1=Q+ 60. Kxb1 Qe4+ 61. Kc1 Qe3+ 62. Kc2 Qd2+ 63. Kb3 Qb2+ 64.
Kc4 Qa2+ 0-1